书目信息 |
| 题名: |
贝多芬传
|
|
| 作者: | 罗兰 著 ;傅雷 译 | |
| 分册: | ||
| 出版信息: | 合肥 安徽文艺出版社 1999.6 |
|
| 页数: | 204页 | |
| 开本: | 20cm | |
| 丛书名: | ||
| 单 册: | ||
| 中图分类: | K835.165.7 | |
| 科图分类: | ||
| 主题词: | 艺术家--传记--德国 | |
| 电子资源: | ||
| ISBN: | 7-5396-1851-5 | |
| 000 | 00709nam0 2200241 45 | |
| 001 | 0012041090 | |
| 005 | 20041206160134.8 | |
| 010 | @a7-5396-1851-5@dCNY39.80 | |
| 100 | @a20001204d1999 km y0chiy0120 ea | |
| 101 | 0 | @achi@cfre |
| 105 | @a z 000yy | |
| 200 | 1 | @a贝多芬传@ABei Duo Fen Chuan@f(法)罗曼.罗兰著@F(Fa)Luo Man.Luo Lan Zhu@g傅雷译 |
| 205 | @a插图珍藏本 | |
| 210 | @a合肥@c安徽文艺出版社@d1999.6 | |
| 215 | @a204页@c彩图@d20cm | |
| 305 | @a据一九四六年四月上海骆驼书店版排印 | |
| 600 | 0 | @a贝多芬@f1770-1827@x传记 |
| 606 | 0 | @a艺术家@x传记@y德国 |
| 690 | @aK835.165.7@v1 | |
| 701 | 0 | @a罗兰@4著 |
| 702 | 0 | @a傅雷@AFu Lei@4译 |
| 801 | @aCN@bTSTC@c20001204 | |
| 905 | @dK835.165.7@e281LM | |
| 贝多芬传/(法)罗曼.罗兰著/傅雷译.-插图珍藏本.-合肥:安徽文艺出版社,1999.6 |
| 204页:彩图;20cm |
| ISBN 7-5396-1851-5:CNY39.80 |
| ● |
| 相关链接 |
|
|
|
|
正题名:贝多芬传
索取号:K835.165.7/281LM
 
预约/预借
| 序号 | 登录号 | 条形码 | 馆藏地/架位号 | 状态 | 备注 |
| 1 | 0293561 | 002935612 | 密集书库/ [索取号:K835.165.7/281LM] | 在馆 | |
| 2 | 0293562 | 002935621 | 密集书库/ [索取号:K835.165.7/281LM] | 在馆 | |
| 3 | 0293563 | 002935630 | 密集书库/ [索取号:K835.165.7/281LM] | 在馆 |